Anagrammes - Prénoms féminins - Série 05 - Statistiques

Statistiques générales
  • Ce quiz a été pris 389 fois
  • Le résultat moyen est 8 sur 10
Statistiques - réponses
Anagrammes Prénom % Correct
NANA Anna
100%
OSER Rose
99%
NEREE Renée
94%
CANFRE France
91%
IOULES Louise
91%
CLUETTE Lucette
75%
EMANONE Anemone
64%
GRAMINEE Germaine
54%
ATTELER Arlette
51%
MIGERATEUR Marguerite
51%
Aucun quiz correspondant
Distribution des résultats
% des personnes avec chaque résultat
Percentile par nombre de réponses
Votre historique - résultats
Vous n’avez pas pris ce quiz